Marvel Cinematic Universe Characters by Number of Films - Statistics

General Stats
  • This quiz has been taken 103 times
    101 since last reset
  • The average score is 30 of 45
Answer Stats
# Character Years % Correct
16 Iron Man 2008-2021
100%
14 Hulk 2008-2022
99%
20 Captain America 2008-2021
97%
8 Spider-Man 2016-2021
94%
12 Thor 2011-2022
94%
15 Black Widow 2010-2021
93%
11 Hawkeye 2011-2021
90%
7 Ant-Man 2015-2023
89%
7 Black Panther 2016-2021
89%
5 Hank Pym 2015-2023
88%
8 Loki 2011-2021
84%
16 Nick Fury 2008-2022
84%
11 Falcon 2014-2021
82%
10 Scarlet Witch 2014-2022
82%
9 Star-Lord 2014-2023
81%
8 Doctor Strange 2016-2022
80%
8 Groot 2014-2023
80%
11 Vision 2008-2021
80%
11 Winter Soldier 2011-2021
80%
7 Gamora 2014-2023
79%
9 Pepper Potts 2008-2021
78%
8 Rocket 2014-2023
78%
8 Thanos 2012-2021
78%
9 Drax 2014-2023
77%
9 Nebula 2014-2023
74%
11 War Machine 2008-2022
74%
5 Wasp 2015-2023
74%
5 Captain Marvel 2019-2022
72%
8 Mantis 2017-2023
66%
5 Odin 2011-2021
62%
9 Happy Hogan 2008-2021
60%
8 Wong 2016-2022
59%
8 Maria Hill 2012-2021
58%
7 Peggy Carter 2011-2021
57%
6 Jane Foster 2011-2022
46%
6 Heimdall 2011-2018
43%
7 Phil Coulson 2008-2021
40%
5 Frigga 2011-2021
36%
6 Sif 2011-2022
34%
5 Ned Leeds 2017-2021
32%
6 Erik Selvig 2011-2019
23%
5 May Parker 2016-2021
17%
6 Thaddeus Ross 2008-2021
14%
5 Janet Van Dyne 2015-2023
9%
5 Jasper Sitwell 2011-2019
4%
No matching quizzes found
Score Distribution
Percent of People with Each Score
Percentile by Number Answered
Your Score History
You have not taken this quiz since the last reset